| Поле | Инд. | ПП | Название | Значение |
|---|---|---|---|---|
| Тип записи | a | |||
| Библиографический уровень | m | |||
| 001 | Контрольный номер | 3a2284c4-9532-4612-874c-7a12782a253d | ||
| 005 | Дата корректировки | 20140226141939.7 | ||
| 008 | Кодируемые данные | 010426 d | ||
| 020 | a | ISBN | 5-343-00172-6 | |
| c | Цена, тираж | 3132.00 | ||
| 040 | a | Служба первич. каталог. | НБ ТвГУ | |
| 041 | a | Код языка текста | rus | |
| 080 | a | Индекс УДК | 504.3.054:620.26-403.8 | |
| 084 | a | Индекс другой классификации/Индекс ББК | Д232.2 | |
| 090 | a | Полочн. индекс | Д232.2 | |
| x | Авторский знак | П77 | ||
| 100 | 1_ | a | Автор | Пришивалко Анатолий Петрович |
| 245 | 00 | a | Заглавие | Человек в мире аэрозолей |
| c | Ответственность | А. П. Пришивалко, Л. Г. Астафьева; АН БССР. Ин-т физики им. Б. И. Степанова | ||
| c | Ответственность | Ин-т физики им. Б. И. Степанова АН БССР | ||
| 260 | 0_ | a | Место издания | Минск |
| b | Издательство | Наука и техника | ||
| c | Дата издания | 1989 | ||
| 300 | a | Объем | 156,[2] с. | |
| b | Иллюстрации/ тип воспроизводства | ил. | ||
| 583 | a | Действие | Получение впервые 333 24.10.97 | |
| k | Исполнитель действия | Обмен | ||
| 650 | a | Основная рубрика | Аэрозоли | |
| 650 | a | Основная рубрика | Атмосфера | |
| x | Основная подрубрика | Загрязнение | ||
| 653 | a | Ключевые слова | Атмосфера | |
| a | Ключевые слова | Атмосферные аэрозоли | ||
| a | Ключевые слова | Аэрозоли | ||
| a | Ключевые слова | Загрязнение атмосферы | ||
| 700 | 1_ | a | Другие авторы | Астафьева Людмила Григорьевна |
| e | Роль лиц | авт. | ||
| 852 | t | Порядковый номер экземпляра | 1 | |
| p | Инвентарный номер | 688298 | ||
| 888 | a | Бесплатные | ||
| 952 | p | 333 3132.00 1 688298 | ||
| c | Вид литературы | К р | ||
| 954 | a | Дата поступления на обработку | 28.10.97 | |
| 999 | a | Подразделение 2 | Фил3 |